| 000 | 01237cam a2200265 4500 | ||
|---|---|---|---|
| 001 | ABS67013 | ||
| 008 | 030901n2003 000 0 eng u | ||
| 035 | _a(Sirsi) u123422 | ||
| 100 | _aSkovron, J. | ||
| 245 | _aRectification versus alteration | ||
| 260 | _c2003 | ||
| 490 |
_aEstates Gazette _v(0334) 23 August 2003, 56-57(2) |
||
| 520 | _aConsiders how changes to registered titles will be made under the Land Registration Act 2002. Discusses the term registered proprietor as defined in the Act s131. Outlines the differences between rectification under the Land Registration Act 1925 and the Land Registration Rules 1995 and alteration under the 2002 Act. Examines "Johnson v Shaw" ([2003] EWCA Civ 894, [2004] 1 P&CR 10), in which the CA ordered rectification of the register in favour of S who held the paper title rather than to J, the registered proprietor in possession. | ||
| 590 | _aABS | ||
| 650 | _aJOHNSTON V SHAW | ||
| 650 | _aREGISTERED TITLE | ||
| 650 | _aLAND REGISTRATION ACT 2002 | ||
| 650 | _aLAND REGISTRATION ACT 1925 | ||
| 650 | _aLAND REGISTRATION RULES 1925 | ||
| 650 | _aRECTIFICATION | ||
| 650 | _aALTERATION | ||
| 650 | _aREGISTERED PROPRIETOR | ||
| 690 | _aPROPERTY | ||
| 942 | _n0 | ||
| 999 |
_c73314 _d73314 |
||